Word Ladder: Tyrant's Policy Quiz Stats

Quiz Updated Sep 14, 2016

Challenge
Share
Tweet
Embed
Score 0/16 Timer 01:30
3 Plays Today
Hint 4-Letter Word % Correct
A discharge of intestinal gasFART
96.2%
A clenched hand•FIST•
96.2%
Fe, to a chemist•IRON•
95.8%
Speedy or rapidly movingFAST
95.7%
A military strongholdFORT
94%
Shortly or not long until something occursSOON
94%
To organize or categorizeSORT
93.4%
Bugs Bunny or Daffy Duck, e.g.TOON
93.3%
Hint 4-Letter Word % Correct
The structure holding sails on a shipMAST
92.5%
A fire's remnantsSOOT
92.3%
1982 Disney Sci-Fi movie with futuristic motorcyclesTRON
91.1%
Suspended particles of waterMIST
91.1%
Bearing an X and Y chromosome pairMALE
88.4%
Cross-breed of a horse and a donkeyMULE
86%
Germinated grain, usually barleyMALT
85.2%
To control or govern•RULE•
84.2%

Today's Daily Dose

Word Ladder
TV Networks

Quick Pick
Medical Terms

On This Day
May 21st II

You're not logged in!

Compare scores with friends on all Sporcle quizzes.
Join for Free
OR
Log In

You Might Also Like...

Show Comments

Extras

Top Quizzes Today


Score Distribution

Your Account Isn't Verified!

In order to create a playlist on Sporcle, you need to verify the email address you used during registration. Go to your Sporcle Settings to finish the process.

Report this User

Report this user for behavior that violates our Community Guidelines.

Details: